10 największych miast w Polsce bez tramwajów - Statystyki

Ogólne statystyki
  • Ten quiz został rozwiązany 188 razy
  • Średni wynik to 7 z 10
Statystyki odpowiedzi
Hint Odpowiedź % Poprawnych
10 Białystok
90%
8 Lublin
89%
17 Rzeszów
87%
12 Gdynia
82%
14 Radom
77%
24 Zielona Góra
76%
18 Kielce
74%
27 Opole
71%
22 Bielsko Biała
52%
25 Rybnik
39%
Nie znaleziono quizów pasujących do podanych kryteriów
Rozkład punktacji
Procent ludzi z każdym wynikiem
Percentyl według liczby udzielonych odpowiedzi
Twoja historia wyników
Nie rozwiązałeś tego quizu